000 00595cam a22002173a 4500
001 40227
003 PGUSA
005 20140828083909.0
008 120714s2012||||xxu|||||s|||||000 | eng d
040 _aPGUSA
_beng
042 _adc
100 1 _aHeloise
245 1 4 _aThe love letters of Abelard and Heloise
_h[electronic resource] /
_cHeloise
260 _bProject Gutenberg,
_c2012
506 _aPublic domain in the USA.
516 _aElectronic text
700 1 _aSeymour, Ralph
830 0 _aProject Gutenberg
_v40227
856 4 0 _uhttp://www.gutenberg.org/ebooks/40227
942 _cEB
999 _c269480
_d269480